000 00311pab a2200121 454500
008 180718b xxu||||| |||| 00| 0 eng d
100 _aKhosla G.S.
245 _aRailway budget : an analysis
362 _a38(7), 30 Apr 1994, p.18-20
650 _aRailroads -- Finance -- India
773 _aYojana
909 _a26991
999 _c26991
_d26991